Constitución política de la República de Costa Rica (7 de noviembre de 1949)
Guardado en:
| Institution som forfatter: | |
|---|---|
| Format: | Bog |
| Sprog: | Undetermined |
| Udgivet: |
San José, Costa Rica
Imprenta Nacional
1977
|
| Fag: | |
| Tags: |
Tilføj Tag
Ingen Tags, Vær først til at tagge denne postø!
|
MARC
| LEADER | 00000nam a2200000Ia 4500 | ||
|---|---|---|---|
| 008 | 170316s9999 xx 000 0 und d | ||
| 090 | |a CG-001 C-1c | ||
| 110 | |a Costa Rica. Asamblea Legislativa | ||
| 245 | |a Constitución política de la República de Costa Rica (7 de noviembre de 1949) | ||
| 260 | |a San José, Costa Rica | ||
| 260 | |b Imprenta Nacional | ||
| 260 | |c 1977 | ||
| 300 | |a 155 páginas | ||
| 650 | |a CULTURA GENERAL | ||
| 650 | |a COSTA RICA | ||
| 650 | |a CONSTITUCIÓN POLÍTICA | ||
| 650 | |a LEYES | ||
| 999 | |c 30264 |d 30264 | ||
| 040 | |a cru BVZT | ||
| 942 | |c 15 D |h CG-001 C-1c |2 z | ||
